000
00328 a2200109 4500
001
ART_2523
005
20260410161727.0
008
260409a
245
1
0
_a
Evaluación de proyectos de inversión
100
1
_a
Mao, James C.T.
773
0
_t
Administración de empresas
_g
- Año 4, Nº 44 (nov. 1973)
_w
REV2036
999
_c
17477
_d
17477